[Event "Aeskulap op 13th"]
[Site "Goerlitz"]
[Date "1996.04.06"]
[Round "7"]
[White "Prenzel, Eberhard"]
[Black "Just, Gabriele"]
[Result "0-1"]
[WhiteElo "1802"]
[BlackElo "1928"]
[PlyCount "46"]
[EventDate "1996.04.03"]
[EventType "swiss"]
[EventRounds "7"]
[EventCountry "GER"]
[SourceTitle "EXT 2009"]
[Source "ChessBase"]
[SourceDate "2008.11.26"]
[SourceVersion "1"]
[SourceVersionDate "2008.11.26"]
[SourceQuality "1"]

1. d4 e6 2. c4 f5 3. Nc3 Nf6 4. Nf3 Bb4 5. Bd2 0-0 6. a3 Bxc3 7. Bxc3 d6 8. e3 Qe8 9. Be2 Nbd7 10. 0-0 Ne4 11. Nd2 Nxc3 12. bxc3 e5 13. f3 exd4 14. e4 dxc3 15. Nb1 fxe4 16. Nxc3 exf3 17. Rxf3 Rxf3 18. Qd5+ Rf7 19. Bh5 Nf6 20. Bxf7+ Qxf7 21. Qd4 Be6 22. c5 dxc5 23. Qxc5 Bc4 0-1